<?xml version="1.0" encoding="UTF-8"?>
<collection xmlns="http://www.loc.gov/MARC21/slim">
 <record>
  <leader>00550pamaa2200169   4500</leader>
  <controlfield tag="001">0000027884</controlfield>
  <controlfield tag="005">20070131090000.0</controlfield>
  <datafield tag="020" ind1="0" ind2="0">
   <subfield code="a">0132073250 </subfield>
  </datafield>
  <datafield tag="090" ind1="0" ind2="0">
   <subfield code="a">QA76.575 </subfield>
   <subfield code="b">HAN 1997</subfield>
  </datafield>
  <datafield tag="245" ind1="0" ind2="4">
   <subfield code="a">The HANDBOOK of multimedia information management  </subfield>
   <subfield code="c">edited by William I. Grosky, Ramesh Jain and Rajiv Mehrotra.</subfield>
  </datafield>
  <datafield tag="260" ind1="0" ind2="0">
   <subfield code="a">New Jersey: </subfield>
   <subfield code="b">Prentice Hall, </subfield>
   <subfield code="c">1997.</subfield>
  </datafield>
  <datafield tag="300" ind1=" " ind2=" ">
   <subfield code="a">vi, 499p.: </subfield>
   <subfield code="b">ill.col.; </subfield>
   <subfield code="c">24cm.</subfield>
  </datafield>
  <datafield tag="650" ind1="0" ind2="0">
   <subfield code="a">Multimedia systems </subfield>
  </datafield>
  <datafield tag="650" ind1="0" ind2="0">
   <subfield code="a">database management </subfield>
  </datafield>
  <datafield tag="700" ind1="1" ind2="1">
   <subfield code="a">Grosky, </subfield>
   <subfield code="h">William I. </subfield>
  </datafield>
  <datafield tag="700" ind1="1" ind2="1">
   <subfield code="a">Mehrotra, </subfield>
   <subfield code="h">Rajiv </subfield>
  </datafield>
  <datafield tag="700" ind1="1" ind2="1">
   <subfield code="a">Jain, </subfield>
   <subfield code="h">Ramesh </subfield>
  </datafield>
 </record>
</collection>
